Matematické programovanie v perspektívnom plánovaní /
Guardado en:
| Autor principal: | |
|---|---|
| Otros Autores: | , |
| Formato: | Libro |
| Lenguaje: | eslovaco |
| Publicado: |
Bratislava :
SVTL,
1966
|
| Edición: | 1.vyd. |
| Materias: | |
| Etiquetas: |
Sin Etiquetas, Sea el primero en etiquetar este registro!
|
MARC
| LEADER | 00000nam a22000003a 4500 | ||
|---|---|---|---|
| 001 | stu37961 | ||
| 005 | 20150617225723.8 | ||
| 008 | 920901s1966----cs------------------slo-d | ||
| 040 | |a STU |b slo | ||
| 041 | 0 | |a slo | |
| 044 | |a cs | ||
| 080 | |a 519.85 |7 stu_us_auth*stu8233 | ||
| 100 | 1 | |a Kornai, János |4 aut | |
| 245 | 1 | |a Matematické programovanie v perspektívnom plánovaní / |c [aut.]János Kornai; Z ma. L. Unčovský, L. Greiner | |
| 250 | |a 1.vyd. | ||
| 260 | |a Bratislava : |b SVTL, |c 1966 | ||
| 300 | |a 429 s | ||
| 650 | 7 | |a Programovanie matematické |2 stusub | |
| 700 | 1 | |a Unčovský, Ladislav |4 trl | |
| 700 | 1 | |a Greiner, L |4 trl | |
| 996 | |b M 17326 |c M*4118-2 |l MMKN |s A |a 24 |w stu37961_0001 | ||
| 996 | |b 284M003792 |c M*4118-3 |l MMKN |s A |a 24 |w stu37961_0002 | ||
| 996 | |b 284M003793 |c M*4118-4 |l MMKN |s A |a 24 |w stu37961_0003 | ||
| 996 | |b 284M003791 |c M*4118-5 |l MMKN |s A |a 24 |w stu37961_0004 | ||
| 996 | |b 284M003789 |c M*4118-1 |l MMKN |s A |a 24 |w stu37961_0005 | ||